000 00872nam0a22002771 4500
001 RU\INFOCOMM_322\NLR\5000095124
005 20250613104732.0
035 _a(NLR Aleph) 009512264
090 _a8773916
_c8773916
100 _a20121207d1973 |||y0rusy50 ca
101 0 _aeng
102 _aRU
105 _ay z |||||
200 1 _aKinematics of machine tools
_eLecture notes for UNIDO course "In-plant group training programme for production engineers in metalworking industry"
_fA. Kliuchnikov
210 _aM.
_d1973
215 _a118 с.
_cил.
_d21 см
620 _aМосква
686 _aТтм-534
_2rubbk
686 _aˆ[‰К63-52-011]
_2rubbk
700 1 _9z01790
_aKljučnikov
_bA. V.
790 1 _9z01700
_aKliuchnikov
_bA.
_4070
801 1 _aRU
_bNLR
_c20121207
801 0 _aRU
_bINFOCOMM
_gPSBO
852 _aNLR
_jТ37 Д-3/58
942 _cBOOK
980 _aNB